banner koha

Alteracoes da frequencia cardiaca em caes intoxicados experimentalmente pela citrinina (Registro n. 132613)

MARC details
000 -LÍDER
campo de controle de tamanho fixo 01043nas a2200325 4500
001 - NÚMERO DE CONTROLE
campo de controle BR9202910
003 - IDENTIFICADOR DO NÚMERO DE CONTROLE
campo de controle BR-BrBNA
005 - DATA E HORÁRIO DA ÚLTIMA TRANSAÇÃO
campo de controle 20231205092557.0
007 - CAMPO FIXO DE DESCRIÇÃO FÍSICA--INFORMAÇÃO GERAL
campo de controle de tamanho fixo ta
008 - CAMPO DE DADOS FIXOS--INFORMAÇÃO GERAL
campo de controle de tamanho fixo 230509b bl.|||p| |||| 00| 00por d
040 ## - FONTE DA CATALOGAÇÃO
Instituição da catalogação original BR-BrBNA
Idioma da catalogação por
Instituição que transcreveu o registro Biblioteca Nacional de Agricultura
041 ## - CÓDIGO DE IDIOMA
Código do idioma do texto/trilha sonora ou título diferente (Pt)
072 ## - CÓDIGO DE CATEGORIA DE ASSUNTO
Código de Categoria de Assunto L74
100 1# - ENTRADA PRINCIPAL--NOME PESSOAL
Nome pessoal Rodrigues, O.D.
100 1# - ENTRADA PRINCIPAL--NOME PESSOAL
Nome pessoal Vogel, J.
100 1# - ENTRADA PRINCIPAL--NOME PESSOAL
Nome pessoal Cruz, L.C.H. da
100 1# - ENTRADA PRINCIPAL--NOME PESSOAL
Nome pessoal Rosa, C.A. da R.
100 1# - ENTRADA PRINCIPAL--NOME PESSOAL
Nome pessoal Larsson, M.H.M.A.
100 1# - ENTRADA PRINCIPAL--NOME PESSOAL
Nome pessoal Hagiwara, M.K.
100 1# - ENTRADA PRINCIPAL--NOME PESSOAL
Nome pessoal Kogika, M.M.
245 1# - TÍTULO
Título Alteracoes da frequencia cardiaca em caes intoxicados experimentalmente pela citrinina
246 1# - FORMA VARIANTE DO TÍTULO
Título/título abreviado Changes in the heart rate of dogs experimentally intoxicated by citrinin
650 ## - ASSUNTO--TERMO TÓPICO
Cabeçalho tópico ou nome geográfico CAO
650 ## - ASSUNTO--TERMO TÓPICO
Cabeçalho tópico ou nome geográfico TOXINA
650 ## - ASSUNTO--TERMO TÓPICO
Cabeçalho tópico ou nome geográfico INTOXICACAO ANIMAL
650 ## - ASSUNTO--TERMO TÓPICO
Cabeçalho tópico ou nome geográfico ELETROCARDIOGRAFIA
773 0# - ENTRADA ANALÍTICA
Título Arquivos da Universidade Federal Rural do Rio de Janeiro (Brazil)
ISSN - International Standard Serial Number ISSN 0100-2481
Partes relacionadas (Jan-Jun 1990), v. 13(1) p. 45-54
Número de controle do registro BR9202910
909 ## -
-- 202311
-- Lúcia
-- 55
-- Lúcia Elande
942 ## - ELEMENTOS DE ENTRADA ADICIONADOS (KOHA)
Fonte da classificação ou esquema de arquivamento na estante Classificação AGRIS
Ocultar no OPAC Não
Tipo de material Koha Analítica
Exemplares
Situação do descarte Fonte da classificação ou esquema de arquivamento na estante Situação física Não pode ser emprestado Biblioteca de origem Biblioteca atual Localização na estante Enumeração do periódico / cronologia Total de empréstimos Data de último acesso Número do exemplar Tipo de material Koha Fonte de aquisição
  Classificação AGRIS   Consulta local Biblioteca Nacional de Agricultura - Binagri Biblioteca Nacional de Agricultura - Binagri   (Jan-Jun 1990), v. 13(1) p. 45-54   29/11/2023 01 Periódicos Portaria Interministerial nº 164/94

BINAGRI

Telefone: (61)3218-2567/2388/3357/2097 - binagri@agro.gov.br

Ministério da Agricultura e Pecuária , Esplanada dos Ministérios, Bloco D, Anexo B, Brasília/DF, CEP: 70.043-900